000 00652nam a2200193 i 4500
001 184614
003 ES-MaACL
005 20230906222235.0
008 151027s1936 sp |||| | spa d
100 1 _aBallesteros Gaibrois, Manuel,
_d1911-2002
_925056
245 1 0 _aDon Rodrigo Jiménez de Rada /
_cpor M. Ballesteros Gaibrois.
260 _aBarcelona :
_bLabor,
_c1936.
300 _a233 p. :
_b8 lám. ;
_c19 cm.
490 1 _aColección Pro Ecclesia et Patria ;
_v8
600 0 4 _aJiménez de Rada, Rodrigo.
_966511
830 0 _aColección Pro Ecclesia et Patria ;
_v8
_9192193
852 _aES-MaACL
_jC-29141
999 _c184614
_d184614